Movies Quiz

Random Movies or Alphabet Quiz
Score 0/20 Timer 05:00
15 Plays Today
% Correct
Whoopi Goldberg - Sister Act
94.8%
Jeff Goldblum - Jurassic Park
93.4%
Mel Gibson - Braveheart
93.3%
Jennifer Grey - Dirty Dancing
91.8%
Richard Gere - Pretty Woman
91.5%
Hugh Grant - Notting Hill
90.6%
Zach Galifianakis - The Hangover
90%
John Goodman - The Big Lebowski
89.9%
Judy Garland - The Wizard of Oz
89.4%
Melanie Griffith - Working Girl
89%
% Correct
Clark Gable - Gone with the Wind
87.1%
Cary Grant - North by Northwest
83.9%
Cuba Gooding Jr. - Jerry Maguire
83.5%
Ryan Gosling - Crazy, Stupid, Love.
82.6%
Jake Gyllenhaal - Donnie Darko
82.2%
Andy Garcia - The Untouchables
81.6%
Danny Glover - The Color Purple
78%
Ava Gardner - The Killers
76.8%
Alec Guinness - Lawrence of Arabia
71.4%
Greta Garbo - Ninotchka
57%
Remove Ads.
Support Sporcle.
Get the best of Sporcle when you Go Orange. This ad-free experience offers more features, more stats, and more fun while also helping to support Sporcle. Thank you for becoming a member.

You're not logged in!

Compare scores with friends on all Sporcle quizzes.
OR
Log In

Show Comments

Extras

Top Quizzes Today


Score Distribution

Your Account Isn't Verified!

In order to create a playlist on Sporcle, you need to verify the email address you used during registration. Go to your Sporcle Settings to finish the process.

Report this User

Report this user for behavior that violates our Community Guidelines.

Details: